00765nam a2200217 a 450000100060000000300080000600500170001400800410003103500190007204000270009104100080011808200240012610000460015024502060019625000170040226000320041930000250045150000240047665000220050065000250052232795BD-RjUL20211209051909.0140428s1952 pk 000 0 eng d a(BD-RjUL)32885 aMNUcMNUdBD-RjULbeng aeng04a909.09767bPII 19521 aPickthall, Muhammad Marmaduked1875-1936.10aIslamic culture :bbeing a reprint of a series of lectures delivered by the author at Madras and published earlier under the title of "The cultural side of Islam." /cby Muhammad Marmaduke Pickthall,  aPakistan ed. aLahore :bFerozsons,c1952. aii, 179 p. ;c22 cm. a"Pakistan edition." 0aIslamicv culture 0aIslamic civilization